| 000 | 00587pam a2200205 a 4500 | ||
|---|---|---|---|
| 020 | _c8720.40 | ||
| 040 | _aMedical College Libr | ||
| 041 |
_aENG _hENG |
||
| 082 |
_a616.8`047547 _bEBE |
||
| 100 | _aEbersole, John S. . | ||
| 245 |
_aCurrent Practice of Clinical Electroencephalography / _c _hTextual Documents |
||
| 250 |
_a3rd / _b. |
||
| 260 |
_a : _bLippincott Williams & Wilkins , _c2003. |
||
| 300 |
_a1628 ; _c |
||
| 365 | _a8720.40 | ||
| 653 |
_aNeurology _aMedicine _aMedical Science |
||
| 930 | _a8202 | ||
| 999 |
_c8201 _d8201 |
||